Rýchle a lacné faktúry

Potenciál úspor, ktoré elektronické faktúry sľubujú, slovenské firmy zatiaľ nevyužívajú. Používanie elektronických faktúr namiesto papierových - zníženie nákladov a úspory pri zavedení elektronických faktúr. Rôzne názory a postoje k používaniu elektronických faktúr. Náročnosť a spôsob zavádzania ele...

Description complète

Enregistré dans:
Détails bibliographiques
Auteur principal: Jarošová, Gabriela
Format: Chapitre de livre
Langue:slovaque
Sujets:
Tags: Ajouter un tag
Pas de tags, Soyez le premier à ajouter un tag!

MARC

LEADER 00000naa$a2200000$$$4500
001 0049626
005 20231009084418.1
041 0 |a slo 
044 |a SK 
245 1 0 |a Rýchle a lacné faktúry  |c Gabriela Jarošová 
520 |a Potenciál úspor, ktoré elektronické faktúry sľubujú, slovenské firmy zatiaľ nevyužívajú. Používanie elektronických faktúr namiesto papierových - zníženie nákladov a úspory pri zavedení elektronických faktúr. Rôzne názory a postoje k používaniu elektronických faktúr. Náročnosť a spôsob zavádzania elektronickej fakturácie do značnej miery závisí od informačného systému firmy. Potreba lepšej propagácie a motivácie zo strany firiem. 
610 2 0 |a fakturovanie 
610 2 0 |a faktúry 
610 2 0 |a elektronizácia 
610 2 0 |a digitalizácia 
610 2 0 |a náklady 
610 2 0 |a úspory 
100 1 |a Jarošová, Gabriela